[Event "FIDE World Cup 2011"]
[Site "Khanty-Mansiysk RUS"]
[Date "2011.09.05"]
[Round "3.4"]
[White "Caruana, Fabiano"]
[Black "Svidler, Peter"]
[Result "0-1"]
[WhiteTitle "GM"]
[BlackTitle "GM"]
[WhiteElo "2711"]
[BlackElo "2739"]
[Annotator "Notes Based on comments by Peter Svidler"]
[WhiteFideId "2020009"]
[BlackFideId "4102142"]
[EventDate "2011.08.28"]

1. d4 Nf6 2. c4 e6 3. g3 d5 4. Nf3 dxc4 5. Bg2 c5 6. O-O Nc6 7. dxc5 Qxd1 8.
Rxd1 Bxc5 9. Nbd2 c3 10. bxc3 {Svidler thinks that theoretically this position
is supposed to be equal.} Bd7 11. Nb3 Be7 12. c4 O-O 13. Bb2 Rfd8 14. Nfd4 (14.
Ne5 Rac8 15. Nxc6 Bxc6 16. Bxc6 Rxc6 17. Na5 Rc7 18. Be5 {1/2-1/2 Yermolinsky,
A (2518)-Baginskaite,C (2309)/Stillwater USA 2009/The Week in Chess 746}) 14...
Rac8 15. Nb5 Be8 16. c5 Rxd1+ 17. Rxd1 Nd8 18. Nd6 Bxd6 19. cxd6 {Frankly
white has two bishops and a passed pawn and a potential initiative on the
kingside. I think I defended reasonably well, I can't really blame myself, but
objectively I'm sure this position is hugely unpleasant for black.} Ba4 {I
managed to create some sort of blockade with Ba4 and Nd7. The plan is to play
f6 and e5 and cut off the knight on b3. The important thing is to try and cut
off as many pieces on the Queenside as possible.  So they don't join in the
play.} 20. Rd2 Nd7 21. f4 f6 22. Kf2 Kf8 23. g4 {A very decent plan.} b6 {
Maybe white should have considered playing Nd4 here or at some point. Just not
to allow me to play e5 and leave it on b3.} 24. g5 fxg5 25. fxg5 e5 {Maybe
this position is still much better for white but at least here I can
understand what I'm playing for. I'm almost always willing to give up the
knight on d7 and the pawn on e5 for the light squared bishop.} 26. h4 Rc4 27.
Kg3 Bc6 28. Bh3 Ke8 {This is pretty much the ideal position for me because
I've managed to get the rook out so it harasses white along the fourth rank,
the bishop is back on the long diagonal} 29. e3 (29. Bxd7+ Kxd7 30. Bxe5 Ne6 {
it is very hard to image white winning this position, for the price of one
pawn I wasn't really that attached to anyway I've managed to exchange his best
piece and get all my pieces out and have some counter play on the queenside.
And also this is just very drawish. I think white will have to play Nd4 and
trade off the knights and then it should be fine for black.}) 29... g6 {I'm
sure the machine will pose a lot of problems for black but objectively my play
is rather simple.    I want to play Nf7 and start attacking the d6 pawn and
also a5-a4 driving the knight away is good in some positions.} 30. Bg4 Be4 31.
Be2 Rc8 32. Bb5 Nf7 {As planned in conjunction with the last move.} 33. Ba3 a6
34. Be2 (34. Bxa6 Ra8) 34... a5 35. Bb5 a4 $1 {Now I think I'm just fine.} 36.
Nc1 $2 {Trying to avoid lines that are equal as he needs to win the game but
this loses.} (36. Bxa4 Ra8 37. Bxd7+ Kxd7 38. Bb4 Rc8 {and I'm just not worse
in spite of being a pawn down because the white pieces just have no squares to
play. There are no prospects at all and I can just play Rc2 the next move and
win the pawn back or play Rc4 and play positionally, this position is just
totally drawn.}) 36... Rc3 $1 37. Bb4 $2 {Now very short of time Caruana
blunders a knight.} (37. Bb2 Rxe3+ 38. Kf2 Rf3+ {White's position is already
ruined. I will probably play a3 next move driving the bishop to a1 and he
really has no prospects anymore. I can play Rh3 and start collecting the
kingside even.}) 37... Rxc1 0-1